| 000 | 004360000a22001690004500 | ||
|---|---|---|---|
| 003 | MACL | ||
| 005 | 20151230132142.0 | ||
| 008 | 151230b xxu||||| |||| 00| 0 eng d | ||
| 040 |
_aMACL _cMACL |
||
| 041 | _aEnglish | ||
| 082 | _a320/WIL | ||
| 100 |
_aWilliams, G Sydney _924865 |
||
| 245 | _aPlumbing Sanitation & Domestic Engineering | ||
| 260 | _bGeorge Newnes limited | ||
| 650 |
_aEngineering _924866 |
||
| 942 |
_cBK _k320/wil _2ddc |
||
| 999 |
_c34885 _d34885 |
||